| 000 | 00523nam a2200145 i 4500 | ||
|---|---|---|---|
| 001 | 26114 | ||
| 003 | ES-MaACL | ||
| 007 | t| | ||
| 008 | 030107s1876 fr ||||1| fre d | ||
| 100 | 1 |
_aArnold, Matthew. _923111 |
|
| 245 | 1 | 3 |
_aLa crise religieuse _b: (Literature and dogma) / _cMatthew Arnold ; Traduction exécutée sons la direction de l'aucteur sur la cinquième edition anglaise. |
| 260 |
_aParís : _b[s.n., _c1876] ( _eSaint-Denis : _fCh. Lambert) |
||
| 300 |
_aXXXII, 374 p. ; _c22 cm. |
||
| 852 |
_aES-MaACL _jB-1930 |
||
| 999 |
_c26114 _d26114 |
||